The country team; (Record no. 90112)

MARC details
000 -LEADER
fixed length control field 00995cam a22002651 4500
001 - CONTROL NUMBER
control field sd 67000006
003 - CONTROL NUMBER IDENTIFIER
control field DLC
005 - DATE AND TIME OF LATEST TRANSACTION
control field 20260227112737.0
008 - FIXED-LENGTH DATA ELEMENTS--GENERAL INFORMATION
fixed length control field 750225s1967 dcu 000 0 eng
010 ## - LIBRARY OF CONGRESS CONTROL NUMBER
LC control number sd 67000006
035 ## - SYSTEM CONTROL NUMBER
System control number (OCoLC)1188043
040 ## - CATALOGING SOURCE
Original cataloging agency DLC
Transcribing agency OOxM
Modifying agency OrPS
-- OCoLC
-- DLC
042 ## - AUTHENTICATION CODE
Authentication code premarc
043 ## - GEOGRAPHIC AREA CODE
Geographic area code n-us---
050 00 - LIBRARY OF CONGRESS CALL NUMBER
Classification number JX1706
Item number .A823
082 ## - DEWEY DECIMAL CLASSIFICATION NUMBER
Classification number 327/.2/0973
110 1# - MAIN ENTRY--CORPORATE NAME
Corporate name or jurisdiction name as entry element United States.
Subordinate unit Department of State.
-- Office of Media Services.
245 14 - TITLE STATEMENT
Title The country team;
Remainder of title an illustrated profile of our American missions abroad.
260 ## - PUBLICATION, DISTRIBUTION, ETC.
Place of publication, distribution, etc. [Washington,
Name of publisher, distributor, etc. For sale by the Supt. of Docs., U.S. Govt. Print. Off.,
Date of publication, distribution, etc. 1967]
300 ## - PHYSICAL DESCRIPTION
Extent 69 p.
Other physical details illus.
Dimensions 29 cm.
490 1# - SERIES STATEMENT
Series statement Dept. of State publication 8193. Department and Foreign Service series,
Volume/sequential designation 136
650 #0 - SUBJECT ADDED ENTRY--TOPICAL TERM
Topical term or geographic name entry element Diplomatic and consular service, American.
830 #0 - SERIES ADDED ENTRY--UNIFORM TITLE
Uniform title Department of State publication ;
Volume/sequential designation 8193.
830 #0 - SERIES ADDED ENTRY--UNIFORM TITLE
Uniform title Department of State publication.
Name of part/section of a work Department and Foreign Service series ;
Volume/sequential designation 136.

No items available.

Powered by Koha